000
00178nam a22000977a 4500
082
_a
1313 OBS
100
_a
PDF
_9
56879
245
_a
BOSOLETE BOOK
260
_b
PDF
942
_c
BK
999
_c
579431
_d
579431